000 01359cam a2200301 a 4500
005 20160112040920.0
008 931104s1995 nyua b 001 0 eng
020 _a0195078691 (acidfree paper)
040 _aDLC
_cDLC
_dCO-BoIAVH
041 _aeng
082 0 0 _a910.285
_bH98h
100 1 _aHuxhold, William E.
245 1 0 _aManaging geographic information system projects /
_cWilliam E. Huxhold, Allan G. Levinsohn.
260 _aNew York :
_bOxford University Press,
_c1995.
300 _axix, 247 paginas. :
_bilustraciones. ;
_c25 x 16 cm.
504 _aIncludes bibliographical references and index.
650 0 _aGeographic information systems.
650 0 _aadministración
650 0 _aPlaneamiento
650 0 _aSistema de información geográfica
700 1 _aLevinsohn, A. G.
856 4 2 _3Publisher description
_uhttp://www.loc.gov/catdir/enhancements/fy0603/93043905-d.html
856 4 1 _3Table of contents only
_uhttp://www.loc.gov/catdir/enhancements/fy0603/93043905-t.html
856 4 2 _3Contributor biographical information
_uhttp://www.loc.gov/catdir/enhancements/fy0723/93043905-b.html
906 _a7
_bcbc
_corignew
_d1
_eocip
_f19
_gy-gencatlg
942 _2ddc
_cLIBRO
999 _c1063
_d1063